Регионална библиотека "Любен Каравелов" - Русе

Элементарный учебник общаго уголовнаго права (Запис номер 406206)

MARC детайли
000 -Лидер
Контролно поле с фиксирана дължина 01262nam a2200277 a 4500
003 - Код на организацията, давaща контролен номер
Контролно поле BLK
005 - Дата и час на последна редакция
Контролно поле 20230712101045.0
008 - Елементи от данни с фиксирана дължина
fixed length control field 210407b bu |||||r|||| 00| | bu d
040 ## - Източник на каталожния запис
Идентификатор на билиотеката - собственик на записа BLK
041 ## - Код за език
Код за езика на текст/звукозапис или на отделно заглавие Руски
Код за езика КДБФ Руски
080 ## - УДК
Текстов определител УДК Наказателно право. Наказателен процес. Учение за престъплението. Криминология. Вж и 341.4 ; 344 ; 348
УДК код - определител по УДК 343
УДК - код + определител 343
100 ## - Редна дума - Автор
R(LIN) 1299
Автор Кистяковский, А. Т.
Авторска отговорност първи автор
139 ## - Редно поле
Редна дума Кистяковский, А. Т.
245 ## - Сведения за заглавието
Заглавие Элементарный учебник общаго уголовнаго права
Подзаглавни данни С подробнымъ изложениемъ Началъ русскаго уголовнаго законодательства : Часть общая
250 ## - Област на изданието
Сведения за изданието 2 исправл. и доп. изд.
260 ## - Област на издателските данни
Място на издаване, разпространение и проч. Киев
Година на издаване 1882
300 ## - Физическа характеристика
Страници 930 с.
Размери/Мащаб 24 см
380 ## - Жанр
Жанр Обществени науки
490 ## - СЕРИИ (Колекции)
9 (RLIN) 435080
Име на серия Колекция Редки и ценни издания
650 #7 - Допълнително описание по предмет – тема
9 (RLIN) 163198
Основно описание – тема или топоним Наказателно право
653 #7 - Ключова дума – ненормативна
9 (RLIN) 191692
Ключова дума наказателно право
852 ## - Местоположение
Форматна сигнатура Рр 882
Фондова буква Редки и ценни
942 ## - АРТИКУЛИ
Вид на библиотечния материал Книги
Скрит в OPAC Не
Периодичен библиозапис Да
944 ## - СЪЗДАВАНЕ И РЕДАКЦИЯ на ЗАПИСА
Създаване/Редакция Създаване
Дата на регистрацията/редакция 2021-04-07
Служител, извършил регистрацията/редакцията Христина Везирева
999 ## - СИСТЕМНИ КОНТРОЛНИ НОМЕРА
Koha biblionumber 406206
Koha biblioitemnumber 406206
999 ## - СИСТЕМНИ КОНТРОЛНИ НОМЕРА
Koha biblioitemnumber 406206
Наличности
Код за отписване Код за изгубен артикул Източник на класификационната схема Код за повреда Коз за рестрикции Код за отдаване Артикулен № Име на библиотеката - собственик Име на библиотеката, в която се намира в момента Статус (Текущо местоположение) Дата на вписване в системата Местоположение - отдел Цена в лева Инвентарен номер Систематично азбучна сигнатура Баркод Цена в евро Служебен тип на артикула
  Не е изгубен Universal Decimal Classification Не е повреден само за читалня Специални фондове ( старопечатни, редки и ценни, фонд М. Арнаудов) 855655 Регионална библиотека "Любен Каравелов" Русе Регионална библиотека "Любен Каравелов" Русе Редки и ценни 2021-09-27 Редки и ценни 0.75 11735 Рр 882 900000046070 0.38 Книги
Vip Innovations Ltd, Rousse, Bulgaria 2025